| 000 | nam a22 7a 4500 | ||
|---|---|---|---|
| 999 |
_c128267 _d128267 |
||
| 008 | 180927b xxu||||| |||| 00| 0 eng d | ||
| 050 |
_aHD9696.8. U64 .G6623 _b2009 |
||
| 100 |
_aAuletta, Key _942589 |
||
| 245 |
_aGoogled: _bthe end of the world as we know it _c/by Auletta, Ken. |
||
| 260 |
_aGreat Britain: _bVirgin books, _c2009. |
||
| 300 |
_axvi,384p.; _c24cm. |
||
| 650 |
_aGoogle (firm) _942590 |
||
| 650 |
_aInternet industry _zUnited States _9955 |
||
| 650 |
_aWeb search engines _xHistory _zUnited States _942591 |
||
| 650 |
_aInternate searching _942592 |
||
| 942 |
_2lcc _cMONOGRAPH |
||